Stochastic dynamics. modeling solute transport in porous media / (Record no. 29355)
[ view plain ]
| 000 -LEADER | |
|---|---|
| fixed length control field | 00738 a2200193 4500 |
| 020 ## - INTERNATIONAL STANDARD BOOK NUMBER | |
| International Standard Book Number | 0444511024 |
| 020 ## - INTERNATIONAL STANDARD BOOK NUMBER | |
| International Standard Book Number | 9780444511027 |
| 082 04 - DEWEY DECIMAL CLASSIFICATION NUMBER | |
| Classification number | 620.116 |
| 090 ## - LOCALLY ASSIGNED LC-TYPE CALL NUMBER (OCLC); LOCAL CALL NUMBER (RLIN) | |
| -- | 726 |
| -- | 726 |
| 100 1# - MAIN ENTRY--PERSONAL NAME | |
| Personal name | Kulasiri, Don. |
| 245 10 - TITLE STATEMENT | |
| Title | Stochastic dynamics. modeling solute transport in porous media / |
| Statement of responsibility, etc. | Don Kulasiri, Wynand Verwoerd. |
| 260 ## - PUBLICATION, DISTRIBUTION, ETC. | |
| Place of publication, distribution, etc. | [S.l.] : |
| Name of publisher, distributor, etc. | North Holland, |
| Date of publication, distribution, etc. | 2002. |
| 300 ## - PHYSICAL DESCRIPTION | |
| Extent | 252 p. ; |
| Dimensions | 23 cm. |
| 490 1# - SERIES STATEMENT | |
| Series statement | North-holland series in applied mathematics and mechanics. |
| 700 1# - ADDED ENTRY--PERSONAL NAME | |
| Personal name | Kulasiri, Don. |
| 830 #0 - SERIES ADDED ENTRY--UNIFORM TITLE | |
| Uniform title | North-holland series in applied mathematics and mechanics. |
| 942 ## - ADDED ENTRY ELEMENTS (KOHA) | |
| Institution code [OBSOLETE] | SNS |
| Koha item type | Book |
| Call number prefix | 620.116 KUL |
| Withdrawn status | Lost status | Damaged status | Not for loan | Permanent Location | Current Location | Date acquired | Total Checkouts | Full call number | Barcode | Date last seen | Price effective from | Koha item type |
|---|---|---|---|---|---|---|---|---|---|---|---|---|
| School of Natural Sciences (SNS) | School of Natural Sciences (SNS) | 05/26/2016 | 620.116 KUL | SNS0000887 | 05/26/2016 | 05/26/2016 | Book |
